000 00462nam a2200157 4500
001 144338
003 ES-MaACL
005 20230906201009.0
007 t|
008 070214s1951 sp r ||||1| spa d
100 1 _aSintes Obrador, Francisco.
_9106652
245 1 0 _aEspíritu, técnica y formación militar /
_cFrancisco Sintes.
260 _aMadrid :
_b[s. n.],
_c1951 (
_fSèz)
300 _a297 p., 4 lám. ;
_c21 cm.
852 _aES-MaACL
_jD-8618
_bR.32844
999 _c144338
_d144338